|
|
|
|
| LEADER |
01481nam a2200409Ia 4500 |
| 001 |
EBC446649 |
| 003 |
MiAaPQ |
| 005 |
20200520144314.0 |
| 006 |
m o d | |
| 007 |
cr cn||||||||| |
| 008 |
090430s2009 nyuab sb 001 0 eng d |
| 010 |
|
|
|z 2009017558
|
| 020 |
|
|
|z 9780415963527
|
| 035 |
|
|
|a (MiAaPQ)EBC446649
|
| 035 |
|
|
|a (Au-PeEL)EBL446649
|
| 035 |
|
|
|a (CaPaEBR)ebr10330902
|
| 035 |
|
|
|a (CaONFJC)MIL228351
|
| 035 |
|
|
|a (OCoLC)444694078
|
| 040 |
|
|
|a MiAaPQ
|c MiAaPQ
|d MiAaPQ
|
| 050 |
|
4 |
|a G155.A1
|b U53 2009
|
| 082 |
0 |
4 |
|a 910.72
|2 22
|
| 100 |
1 |
|
|a Shoval, Noam.
|
| 245 |
1 |
0 |
|a Tourist mobility and advanced tracking technologies
|h [electronic resource] /
|c by Noam Shoval and Michal Isaacson.
|
| 260 |
|
|
|a New York :
|b Routledge,
|c 2009.
|
| 300 |
|
|
|a xx, 207 p. :
|b ill., maps.
|
| 490 |
1 |
|
|a Routledge advances in tourism ;
|v 19
|
| 504 |
|
|
|a Includes bibliographical references and index.
|
| 533 |
|
|
|a Electronic reproduction. Ann Arbor, MI : ProQuest, 2015. Available via World Wide Web. Access may be limited to ProQuest affiliated libraries.
|
| 650 |
|
0 |
|a Tourism
|x Social aspects.
|
| 650 |
|
0 |
|a Tourism
|x Psychological aspects.
|
| 650 |
|
0 |
|a Travelers
|x Psychology.
|
| 650 |
|
0 |
|a Tracking radar.
|
| 655 |
|
4 |
|a Electronic books.
|
| 700 |
1 |
|
|a Isaacson, Michal.
|
| 710 |
2 |
|
|a ProQuest (Firm)
|
| 830 |
|
0 |
|a Routledge advances in tourism ;
|v 19.
|
| 856 |
4 |
0 |
|u https://ebookcentral.proquest.com/lib/matrademy/detail.action?docID=446649
|z Click to View
|